| 000 | 00560nam a2200193Ia 4500 | ||
|---|---|---|---|
| 999 |
_c35295 _d35295 |
||
| 003 | OSt | ||
| 005 | 20201023131529.0 | ||
| 008 | 190216s9999||||xx |||||||||||||| ||und|| | ||
| 020 | _a0340157097 | ||
| 040 | _coclc | ||
| 082 |
_a823 _bFOR/R |
||
| 100 |
_aForsyth, Frederick _95605 |
||
| 245 | 0 |
_aReaders Digest Condensed Books / _cFrederick Forsyth |
|
| 250 | _a1st Ed. | ||
| 260 |
_bThe Readers Digest Association Ltd, _c1968. _aLondon: |
||
| 300 | _a509p | ||
| 650 | _aGeneral Libraries | ||
| 942 |
_cREF _2ddc _h823 _iFOR/R _k823 _mFOR/R |
||